000 00727nam a2200241 a 4500
001 BRCA_7243
005 20190320205751.0
008 240112s1913----gw-a######---#000-0#ger-#
041 _ager
044 _agw
050 4 _aN7630
_b.F82 1913
100 1 _aFuchs, Eduard
_d1870-1940
_917947
245 1 0 _aDie Weiberherrschaft in der Geschichte der Menschheit
_cEduard Fuchs und Alfred Kind.
260 _aMunchen
_bA. Langen
_cc1913
300 _a3 v.
_bil. (algunas a color), láminas
_c28 cm.
500 _aLa biblioteca solo cuenta con el v.1
500 _aP149
650 1 4 _aMujeres en el arte
_91575
650 1 4 _aDesnudos en el arte
_917948
700 1 _aKind, Alfred
_ecoaut.
_917949
902 _aGFM
942 _2lcc
_cB
999 _c6924
_d6924